LEADER 01618nam a2200325 i 4500 001 000000191554 003 CaOOAMICUS 005 20100810000000.0 008 100810s2004 it u000 u ita u 013 $a170115 020 $a88-7792-095-5 040 $aSeMil$bita 245 13$aLa scuola del Guercino /$cA cura di Emilio Negro ; Massimo Pirondini ; Nicosetta Roio ; prefazione di David M. Stone. 260 $a[S.l.] :$bGruppo Banco Popolare di Verona e Novara,$cstampa 2004. 260 $a[S.l.] :$bBanco S. Geminiano e S. Prospero,$cstampa 2004. 300 $a342 p. :$briccamente ill. ;$c30 cm. 500 $aContiene : Bibliografia. - Dono di don Romano Martinelli. 600 04$aGuercino .$0(OLS)http://semarc/subject/30574 700 1 $aBarbieri, Giovanni Francesco .$0(OLS)http://semarc/name/41435 700 1 $aNegro, Emilio.$0(OLS)http://semarc/name/50411 700 1 $aStone, David M.$0(OLS)http://semarc/name/69943 700 1 $aRoio, Nicosetta.$0(OLS)http://semarc/name/69942 700 1 $aPirondini, Massimo.$0(OLS)http://semarc/name/69941 850 $aSeMil 852 $aSeMil$W1$xVenegono$y1$m5G X 31$j142168$B142168$CSeMilBibl$Z2$F153702 $8I 961 $aOmaggio: Martinelli don Romano 996 $6020$a88-7792-095-5$9(OLS)http://semarc/number/182670 996 $6245$aLa scuola del Guercino$9(OLS)http://semarc/title/276031 996 $6260$a[S.l.] :$bBanco S. Geminiano e S. Prospero$9(OLS)http://semarc/publisher/39816 996 $6260$a[S.l.] :$bGruppo Banco Popolare di Verona e Novara$9(OLS)http://semarc/publisher/50307 LEADER 00980nam a2200229 i 4500 001 000000104422 003 CaOOAMICUS 005 20011121000000.0 008 011121s1889 be u000 u lat u 013 $a76610 040 $aSeMil$bita 245 10$aTomus 2 /$cBollandiani Hagiographi royale Bibliothèque Albert 1. 300 $a557 p. 490 0 $aSubsidia hagiographica ;$v1./2 700 1 $aBibliothèque royale Albert 1. .$0(OLS)http://semarc/name/662 710 2 $aSociété des Bollandistes .$0(OLS)http://semarc/name/307 773 0 $aBibliothèque royale Albert 1. $tCatalogus Codicum Hagiographicorum Bibliothecae Regiae Bruxellensis.$g2$w()806 773 0 $tCodices latini membranei.$w()822 830 0$aSubsidia hagiographica ;$v1./2.$0(OLS)http://semarc/title/570 850 $aSeMil 852 $aSeMil$W1$xVenegono$y1$mSL1.S II 1/2$j60811$B60811$CSeMilBibl$Z2$F45230 $8I 996 $6245$aTomus 2$9(OLS)http://semarc/title/151397